| 000 | 00397nam a2200133 4500 | ||
|---|---|---|---|
| 005 | 20260530113901.0 | ||
| 100 | 1 |
_aPorfirio Martínez Peñaloza _932357 |
|
| 245 | 1 | 0 | _aPermanencia Cambio y Extinción de la Artesanía en México |
| 264 | 1 |
_bFONART • SEP _c1982 |
|
| 300 | _a38 páginas | ||
| 336 |
_atexto _2rdacontent |
||
| 337 |
_asin medio _2rdamedia |
||
| 338 |
_avolumen _2rdacarrier |
||
| 999 |
_c11803 _d11803 |
||